000
00226 a2200085 4500
020
_a
978-93-84204-204
100
_a
Council of Architecture
245
_a
Archiving architectural thesis 2022
260
_b
Council of Architecture
_c
2022
999
_c
12655
_d
12655